علم الفراسة، اسرار الخلقة وابداعها

Bibliographic Details
Main Author: حقي، احسان (Author)
Format: Book
Published: Beirut : Dar al-Nafa'is , 1986
Subjects:

MARC

LEADER 00000cam a2200000 7i4500
001 0000000884
005 20040610093000.0
008 021118s1986
090 0 0 |a BF859   |b .H3 1986 
100 0 |a حقي، احسان ,   |e author 
245 1 0 |a علم الفراسة، اسرار الخلقة وابداعها   |c احسان حقي 
260 2 |a Beirut :   |b Dar al-Nafa'is ,   |c 1986 
300 |a 142 p . ;   |c 24 cm. 
650 0 |a Physiognomy 
999 |a 1000013287   |b Book   |c OPEN SHELF (30 DAYS)   |e Gong Badak Campus